000 00271nam a22001337a 4500
020 _a978312144903X
041 _aeng
080 _a52
090 _bBOV
100 _aBova, Ben and Trudy E. Bell.
245 _aCloseup: New Worlds.
650 _aScience
999 _c279317
_d279317
942 _cBK